000 00359nam a2200145Ia 4500
999 _c4668
_d4668
020 _a0-415-26707-2
082 _aRR 200.3 ENC-
245 0 _aEncyclopedia of new religious movements
260 _aLondon
_bRoutledge
_c2006
300 _axxxii, 686
504 _aincludes index
650 _aReligion
_vEncyclopedias
700 _aClarke, Peter B.
942 _cBK